Culture Générale #3 - Statistiques

Statistiques générales
  • Ce quiz a été pris 65 fois
  • Le résultat moyen est 4 sur 20
Statistiques - réponses
Question Réponse % Correct
Quel animal est Sid de "L'Âge de Glace" ? Un Paresseux
61%
En quelle année est sortie la toute première vidéo Youtube ? (Me at the zoo) 2005
58%
Quel est le seul vestige des 7 merveilles du monde antique encore debout ? La Pyramide de Khéops
53%
Quel jour, vient trois jours après le jour, qui vient deux jours après le jour, qui vient immédiatement après le jour, qui vient deux jours après lundi ? Mardi
51%
Quel personnage de la mythologie grecque a vaincu le Minotaure ? Thésée
49%
De quel pays vient le club de football du Pafos FC Chypre
35%
Quel est le mot code de la lettre F dans l’alphabet phonétique de l’OTAN (Alpha Bravo Charlie...) ? Foxtrot
35%
À quel écrivain britannique doit-on le roman d’anticipation “Le Meilleur des mondes” paru en 1932 ? Aldous Huxley
28%
Qui est l'interprète de la chanson "Budapest" sortie en 2014 ? George Ezra
21%
Complète ce proverbe chinois “On ne lance pas de pierre quand on vit dans une maison en ____ ” Verre
18%
Si je vais à Batoumi, où vais-je ? En Géorgie (Pays)
9%
De quelle ville les Hiérosolymitains sont-ils les habitants ? Jérusalem
9%
Quel acronyme est utilisé pour désigner le club de football de l'Union Saint-Gilloise ? RUSG
7%
Combien de ponts la ville de Venise possède-t-elle au total ? (à 5 près) 435
5%
Quelle est l’unité de mesure de la persistance en bouche des arômes du vin ? Caudalie
5%
Quel est le nom des créatures mi-chèvre mi-démons, chargées de punir vers Noël les enfants qui se sont mal conduits en Autriche et en Bavière ? Krampus
4%
Pour un objet spatial en orbite autour du soleil, quel est le nom du point de son orbite passant au plus proche du Soleil ? Le Périhélie
2%
Qui a dit "Un avocat est dans un procès ce qu'est un cuisinier dans un repas" ? Aristippe de Cyrène
0%
Que collectionne le cochliophile ? Les Cuillères
0%
Quel est le nom de la monnaie utilisée au Bangladesh ? Le Taka
0%
Aucun quiz correspondant
Distribution des résultats
% des personnes avec chaque résultat
Percentile par nombre de réponses
Votre historique - résultats
Vous n’avez pas pris ce quiz